000 00880cam a2200217 4500
001 WB4023-01
008 040614n2004 000 0 eng u
035 _a(Sirsi) u126470
245 _aPublic sector jobs boost construction output
260 _c2004
490 _aConstruction News
_v(6870) 10 June 2004, 2(1)
520 _aConstruction output has risen in the year to March 2004, helped by an 18% rise in new public sector work. This was an increase of 7% on the previous year. However the Construction Products Association warned against slipping into a boom and bust cycle and of the need for better monitoring systems to measure progress.
590 _aWB
590 _aWB
650 _aPUBLIC SECTOR
650 _aCONSTRUCTION OUTPUT
650 _aCONSTRUCTION MARKET
650 _aCONSTRUCTION INDUSTRY
690 _aBUILDING AND CONSTRUCTION
942 _n0
999 _c117508
_d117508